|
|
|
|
| LEADER |
01472nam a2200277 a 4500 |
| 001 |
12284164 |
| 008 |
111218s1999 bg a b 100 0 eng d |
| 010 |
|
|
|a 00371529
|
| 020 |
|
|
|a 9813101716
|
| 040 |
|
|
|a DLC
|c DLC
|d DLC
|d BD-DhAAL
|
| 082 |
0 |
0 |
|a 333.7095492
|2 22
|
| 245 |
0 |
0 |
|a Environmental economics in Bangladesh :
|b proceedings of workshops on green/environmental economics held on 2 November, 1997 and on 18 February, 1998 /
|c edited by Qazi Kholiquzzaman Ahmad ... [et al.].
|
| 260 |
|
|
|a Dhaka :
|b IUCN--The World Conservation Union, Bangladesh Country Office ;
|b Association for Green Accounting, Bangladesh,
|c 1999.
|
| 300 |
|
|
|a viii, 131 p. :
|b ill. ;
|c 23 cm.
|
| 504 |
|
|
|a Includes bibliographical references.
|
| 541 |
1 |
|
|e 00024006
|
| 650 |
|
0 |
|a Environmental economics
|z Bangladesh
|v Congresses.
|
| 650 |
|
0 |
|a Economic development
|x Environmental aspects
|z Bangladesh
|v Congresses.
|
| 650 |
|
0 |
|a Sustainable development
|z Bangladesh
|v Congresses.
|
| 651 |
|
0 |
|a Bangladesh
|x Economic conditions
|v Congresses.
|
| 700 |
1 |
|
|a Ahmad, Qazi Kholiquzzaman,
|d 1943-
|
| 710 |
2 |
|
|a IUCN--The World Conservation Union.
|b Bangladesh Country Office.
|
| 710 |
2 |
|
|a Association for Green Accounting, Bangladesh.
|
| 852 |
1 |
|
|a Ayesha Abed Library
|j General shelf
|
| 999 |
|
|
|c 11620
|d 11620
|
| 952 |
|
|
|0 0
|1 0
|2 ddc
|4 0
|6 333_709549200000000_ENV
|7 0
|9 18910
|a IGS
|b IGS
|c GEN
|d 2011-12-18
|e A H Development Publishing House
|g 300.00
|l 1
|m 3
|o 333.7095492 ENV
|p 3010024006
|r 2014-06-09
|s 2012-12-31
|t 1
|w 2011-12-18
|y BK
|